| 000 | 00597nam a2200181 a 4500 | ||
|---|---|---|---|
| 005 | 20240808063817.0 | ||
| 008 | 991125s1930 mx 000 0 spa u | ||
| 035 | _aUPN01000001246 | ||
| 049 | _aSEP | ||
| 050 | 4 |
_aL227 D671 _bM2.4a |
|
| 110 | 1 |
_aMéxico. _bDirección de Misiones Culturales _928111 |
|
| 245 | 1 | 0 |
_aAgricultura : _bdebemos usar arados modernos / _cDirección de Misiones Culturales. |
| 260 |
_aMéxico : _bDirección de Misiones Culturales, _c1930. |
||
| 300 | _a3, 3 h. | ||
| 650 | 4 |
_aEducación a distancia _97924 |
|
| 650 | 4 |
_aEducación agrícola _zMéxico _914686 |
|
| 905 | _aLibro | ||
| 999 |
_c1246 _d1246 |
||